000 01309nam a22002777a 4500
999 _c112148
_d112148
003 dpl
005 20190226130909.0
008 190226b ||||| |||| 00| 0 eng d
010 _aB-151098
020 _c180.00
_a8121402581
035 _aB-151098, B-151104
037 _bCen Lib/Ret
040 _aDPL
_bHN
_c0
082 _a780.954
_bराजेंद्र
100 _aराजेन्द्र प्रसाद सिंह
_946099
245 _aभारतीय संगीत का समाज शाश्त्रीय सन्दर्भ /
_cराजेन्द्र प्रसाद सिंह
246 _abhartiya sangeet ka samaj shashtriya sandarbh
_bby Rajendra Prasad Singh
260 _aनई दिल्ली
_bनेशनल पब्लिशिंग हाउस
_c2004
270 _a2/35,अंसारी रोड दरिया गंज
_bनई दिल्ली
_e110002
300 _axiii,146पृष्ठ.
_c21सेमी (सजिल्द )
650 _aभारतीय संगीत
_9779
650 _aसंगीत समाज शाश्त्र
_9131
650 _aIndian Music
_924925
650 _aMusic Society Shastr
_946100
942 _2ddc
_cHN
_h780.954
_mराजेंद्र